Intermediate microeconomics/ (Record no. 31594)

000 -LEADER
fixed length control field 00540nam a22001577a 4500
008 - FIXED-LENGTH DATA ELEMENTS--GENERAL INFORMATION
fixed length control field 230530b |||||||| |||| 00| 0 eng d
020 ## - INTERNATIONAL STANDARD BOOK NUMBER
International Standard Book Number 9781955101189
050 ## - LIBRARY OF CONGRESS CALL NUMBER
Classification number HB172
Item number .E44 2020
100 ## - MAIN ENTRY--PERSONAL NAME
Personal name Emerson, Patrick M.
245 ## - TITLE STATEMENT
Title Intermediate microeconomics/
Statement of responsibility, etc. Patrick M. Emerson, Oregon State University
260 ## - PUBLICATION, DISTRIBUTION, ETC. (IMPRINT)
Place of publication, distribution, etc. Corvallis, OR,
Name of publisher, distributor, etc. Oregon State University,
Date of publication, distribution, etc. 2020.
300 ## - PHYSICAL DESCRIPTION
Extent 480p. :
Other physical details ill. ;
Dimensions 28cm
440 ## - SERIES STATEMENT/ADDED ENTRY--TITLE
Title Open educational resources
650 ## - SUBJECT ADDED ENTRY--TOPICAL TERM
Topical term or geographic name as entry element Microeconomics
942 ## - ADDED ENTRY ELEMENTS (KOHA)
Source of classification or shelving scheme
Classification part HB172 .E44 2020
Koha item type Hard Covered Materials
Holdings
Withdrawn status Lost status Source of classification or shelving scheme Damaged status Not for loan Home library Current library Shelving location Date acquired Source of acquisition Cost, normal purchase price Total Checkouts Full call number Barcode Date last seen Date last checked out Price effective from Koha item type
          MACHAKOS UNIVERSITY LIBRARY MACHAKOS UNIVERSITY LIBRARY Open shelf 10/05/2023 Purchase-Falcon 9980.00 3 HB172 .E44 2020 39354 05/12/2025 24/11/2025 30/05/2023 Hard Covered Materials
© Machakos University Library, Along The Highway, Machakos Wote Rd, Machakos, Kenya P.O. Box 136 - 90100 Machakos - Kenya

Tel: ( +254 ) 723 805829 OR Fax : 044-20353 OR Email: library@mksu.ac.ke